00573nam a22001937a 4500003000900000005001700009008004100026020001700067040002800084082002100112100002400133245005100157250001800208260004600226300001900272504002300291650002600314700003900340DO-SdBJH20180706182222.0180705b ||||| |||| 00| 0 spa d a007 060 9527 aDO-SdBJHbspacDO-SdBJH a381 bS792f 1994 1aStanton, William J.10aFundamentos de marketing / cWiliam J. Stanton a9a. edición aMéxico : bLitografica Ingramex, c1994 a733 páginas  aContiene índice. aMercadeo y marketing  aMichael j. Etzel ,bruce j. Walker